W jakim kraju jesteś - Losowe - Statystyki

Ogólne statystyki
  • Ten quiz został rozwiązany 99 razy
  • Średni wynik to 5 z 20
Statystyki odpowiedzi
Podpowiedź Kraj % Poprawnych
Omar Ali Saifuddien Mosque, Brunei. Brunei
100%
Sobór św. Aleksandra Newskiego w Sofii Bułgaria
100%
Piramidy w Gizie Egipt
100%
Akropol ateński Grecja
100%
Sensō-ji Japonia
100%
basilique Sainte-Anne-du-Congo de Brazzaville Kongo
100%
Vaduz Castle Liechtenstein
100%
Targowisko Centralne w Rydze Łotwa
100%
Mali National Park Mali
100%
Valletta Malta
100%
Zamek Królewski na Wawelu Polska
100%
Plac Czerwony w Moskwie Rosja
100%
Statua Wolności Stany Zjednoczone
100%
Buckingham Palace Wielka Brytania
100%
Wieża Eiffla Francja
83%
Bazylika Świętego Piotra Watykan
80%
Sydney Opera House Australia
75%
Pałac Schönbrunn Austria
75%
Wielki Mur Chiński Chiny
75%
Zamek Bratysławski Słowacja
75%
The Dubai Mall Zjednoczone Emiraty Arabskie
75%
Chad National Museum Czad
67%
N Seoul Tower Korea Południowa
67%
Plac Bohaterów w Budapeszcie Węgry
67%
Wodospady Wiktorii Zambia
67%
Święty Meczet Arabia Saudyjska
60%
Sobór św. Aleksandra Newskiego w Tallinnie Estonia
60%
Sudańskie Muzeum Narodowe Sudan
60%
Syri i Kaltër Albania
50%
Pomnik Chwały i Męczeństwa w Algierze Algieria
50%
Plac Republiki w Erywaniu Armenia
50%
Wielki Plac w Brukseli Belgia
50%
Pomnik Chrystusa Odkupiciela Brazylia
50%
Zamek na Hradczanach Czechy
50%
Suomenlinna Finlandia
50%
Zamek Dubliński Irlandia
50%
Petra Jordania
50%
Park Narodowy Nairobi Kenia
50%
Al Mubarakiya Cafe & Restaurant Kuwejt
50%
The National Museum of Liberia Liberia
50%
Petronas Towers Malezja
50%
Bosque de Chapultepe Meksyk
50%
Wielki Meczet w Niamey Niger
50%
Przylądek Północny Norwegia
50%
Port Moresby Nature Park Papua-Nowa Gwinea
50%
Praça do Comércio Portugalia
50%
Belgrade Fortress Serbia
50%
Muzeum Narodowe Tadżykistanu Tadżykistan
50%
Fontanna di Trevi Włochy
50%
Bab Al-Bahrain Bahrajn
33%
Katedra św. Józefa w Asmarze Erytrea
33%
Hotel Ryugyŏng Korea Północna
33%
Zamek w Trokach na wyspie Litwa
33%
Machu Picchu Peru
33%
Meczet Umajjadów Syria
33%
Kryty Bazar Turcja
33%
Plac Czyngis-chana Mongolia
25%
Sultan Qaboos Grand Mosque Oman
25%
Kirstenbosch National Botanical Garden Republika Południowej Afryki
25%
Muzeum Vasa Szwecja
25%
Victoria Falls National Park Zimbabwe
25%
Bláa Lónið Islandia
22%
Tadź Mahal Indie
20%
Liwonde National Park Malawi
20%
Ławra Peczerska Ukraina
20%
El Tatio Chile
17%
Tikál Gwatemala
17%
Sagrada Família Hiszpania
17%
Wrota Piekieł Turkmenistan
17%
BAGH BABUR Afganistan
0%
Grandvalira Andora
0%
Fortress São Miguel Angola
0%
Nelson's Dockyard Antigua i Barbuda
0%
Plaza de Mayo Argentyna
0%
Pałac Szachów Szyrwanu Azerbejdżan
0%
Atlantis Casino Bahamy
0%
Lal Bagh (Lalbagh) Bangladesz
0%
Animal Flower Cave Barbados
0%
Xunantunich Belize
0%
Dantokpa Market Benin
0%
Paro Taktsang Bhutan
0%
Park Gorkiego Białoruś
0%
The Witches' Market Boliwia
0%
Stary Most Bośnia i Hercegowina
0%
Moremi Game Reserve Botswana
0%
Ouagadougou Cathedral Burkina Faso
0%
Musée Vivant Burundi
0%
Park Narodowy Jezior Plitwickich Chorwacja
0%
Pafos Cypr
0%
Monaster Ostrog Czarnogóra
0%
Ogrody Tivoli Dania
0%
Park Narodowy Wirunga Demokratyczna Republika Konga
0%
Trafalgar Falls Dominika
0%
Musée du Panthéon National Dominikana
0%
Asal Dżibuti
0%
Mitad del Mundo Ekwador
0%
Mlilwane Wildlife Sanctuary Eswatini
0%
Garden of the Sleeping Giant Fidżi
0%
Park Narodowy Rzeki Podziemnej Puerto Princesa Filipiny
0%
Akanda National Park Gabon
0%
Kachikally Crocodile Pool Gambia
0%
Cape Coast Castle Ghana
0%
Alhambra Grenada
0%
Ananuri Gruzja
0%
Stabroek Market Gujana
0%
Grande Mosquée de Conakry Gwinea
0%
Ponta Anchaca Gwinea Bissau
0%
Cathedral of Saint-Isabel of Malabo Gwinea Równikowa
0%
Musée du Panthéon National Haiti
0%
Muzeum Vincenta van Gogha Holandia
0%
Roatán Honduras
0%
Borobudur Indonezja
0%
Sanktuarium Imama Husajna Irak
0%
Plac Naksz-e Dżahan Iran
0%
Mahane Yehuda Market Izrael
0%
Wodospady na rzece Dunn Jamajka
0%
Meczet Saliha Jemen
0%
Lobé Falls Kamerun
0%
CN Tower/ Wodospad Niagara Kanada
0%
Katara Cultural Village Katar
0%
Medeo Kazachstan
0%
Ala Archa National Park Kirgistan
0%
Tabuaeran Kiribati
0%
Parque Nacional Natural Tayrona Kolumbia
0%
Kartala Komory
0%
Nebeske Stolice Kosowo
0%
Park Narodowy Manuel Antonio Kostaryka
0%
Castillo De Los Tres Reyes Del Morro Kuba
0%
Kuang Si Laos
0%
Afri-Ski Lesotho
0%
Las Bożych Cedrów Liban
0%
Saraya Museum Libia
0%
Casemates du Bock Luksemburg
0%
Old Bazaar Macedonia Północna
0%
Avenue of the Baobabs Madagaskar
0%
Meeru Malediwy
0%
Jardin Majorelle Maroko
0%
Kalb ar-Riszat Mauretania
0%
Seven Colored Earth Mauritius
0%
Nan Madol Mikronezja
0%
Szwedagon Mjanma
0%
Stephen the Great Central Park Mołdawia
0%
Gorongosa National Park Mozambik
0%
Park Narodowy Etoszy Namibia
0%
Buada Lagoon Nauru
0%
Świątynia Paśupatinath w Katmandu Nepal
0%
Lekki Conservation Centre Nigeria
0%
Masaya Volcano Nikaragua
0%
Sky Tower Nowa Zelandia
0%
Meczet Króla Fajsala Pakistan
0%
Belau National Museum Palau
0%
Miraflores Locks Panama
0%
Monday's Falls Paragwaj
0%
Chutes de Boali Republika Środkowoafrykańska
0%
Buracona Republika Zielonego Przylądka
0%
Zamek Bran Rumunia
0%
Kigali Genocide Memorial Rwanda
0%
Park Narodowy Brimstone Hill Fortress Saint Kitts i Nevis
0%
Rodney Bay Saint Lucia
0%
Bequia Saint Vincent i Grenadyny
0%
Tazumal Salwador
0%
To-Sua Ocean Trench Samoa
0%
Guaita Tower San Marino
0%
African Renaissance Monument Senegal
0%
Anse Lazio Seszele
0%
Tacugama Chimpanzee Sanctuary Sierra Leone
0%
Gardens by the Bay Singapur
0%
Postojna Słowenia
0%
Meczet Solidarności Islamskiej Somalia
0%
Temple of the Sacred Tooth Relic Sri Lanka
0%
Południowy Park Narodowy Sudan Południowy
0%
Palmentuin Surinam
0%
Rheinfall Szwajcaria
0%
Wielki Pałac Królewski Tajlandia
0%
Narodowe Muzeum Pałacowe Tajwan
0%
Park Narodowy Serengeti Tanzania
0%
Akodessewa Fetish Market Togo
0%
Anahulu Cave Tonga
0%
Queen's Park Savannah Trynidad i Tobago
0%
Amfiteatr w Al-Dżamm Tunezja
0%
Niulakita Tuvalu
0%
Park Narodowy Wirunga Uganda
0%
Park Narodowy Santa Teresa Urugwaj
0%
Registan Uzbekistan
0%
Mount Yasur Vanuatu
0%
Park Narodowy El Ávila Wenezuela
0%
The Marble Mountains Wietnam
0%
Park Narodowy Banco Wybrzeże Kości Słoniowej
0%
Ebeye Wyspy Marshalla
0%
Rennell Wyspy Salomona
0%
Ilhéu das Rolas Wyspy Świętego Tomasza i Książęca
0%
Nie znaleziono quizów pasujących do podanych kryteriów
Rozkład punktacji
Procent ludzi z każdym wynikiem
Percentyl według liczby udzielonych odpowiedzi
Twoja historia wyników
Nie rozwiązałeś tego quizu